Normal view
MARC view
Entry Personal Name
001 - CONTROL NUMBER
- control field: 57591
003 - CONTROL NUMBER IDENTIFIER
- control field: dpl
005 - DATE AND TIME OF LATEST TRANSACTION
- control field: 20230929105457.0
008 - FIXED-LENGTH DATA ELEMENTS
- fixed length control field: 230929|| aca||aabn | a|a d
040 ## - CATALOGING SOURCE
- Original cataloging agency: dpl
- Transcribing agency: dpl
100 ## - HEADING--PERSONAL NAME
- Personal name: रत्न , सुरेश
670 ## - SOURCE DATA FOUND
- Source citation: Work cat.: (dpl)198638: रत्न , सुरेश , सबसे बड़ा शत्रु /, 2022
